[Event "XVIII Orsha IM 2020"]
[Site "Orsha"]
[Date "2020.01.22"]
[Round "7.2"]
[White "Goltseva, Ekaterina"]
[Black "Kononenko, Dmitry"]
[Result "1-0"]
[WhiteElo "2304"]
[BlackElo "2321"]
[Annotator "TA"]
[PlyCount "58"]
[EventDate "2020.01.18"]
[EventType "tourn"]
[EventCountry "BLR"]
[SourceTitle "playchess.com"]
[Source "ChessBase"]
[SourceQuality "1"]

{[%evp 19,58,7,9,27,15,12,39,-66,-71,-56,31,0,44,21,47,56,51,55,20,16,79,0,21,16,16,16,9,-3,104,111,100,70,76,75,145,145,290,285,378,309,963]} 1. d4 Nf6 2. c4 e6 3. g3 d5 4. Nf3 Bb4+ 5. Bd2 Be7 6. Bg2 O-O 7. O-O c6 8. Qc2 b6 9. Bf4 Bb7 10. Rd1 Na6 11. Ne5 {E06: Closed Catalan: Early deviations} Rc8 12. Nc3 Nh5 13. e4 $146 (13. Bc1 $14) ({Predecessor:} 13. Bc1 Nf6 14. e4 h6 15. a3 Nb8 16. Qb3 dxe4 17. Nxe4 Nxe4 18. Bxe4 Nd7 {1-0 (50) Sumets,A (2570)-Mirzoev,A (2472) Larnaka 2019}) 13... Nxf4 $15 14. gxf4 dxe4 (14... f6 $15 15. Nf3 Qd6) 15. Qxe4 Nc7 16. Qe3 ({Of course not} 16. Nxc6 Bxc6 17. Qxc6 Nd5 $17) 16... Ne8 17. d5 cxd5 18. cxd5 exd5 19. Nxd5 Bd6 (19... Bxd5 $11 {keeps the balance.} 20. Rxd5 (20. Bxd5 Bd6 $14) 20... Bd6) 20. Qh3 (20. Nxb6 $1 $16 Qxb6 21. Qxb6 axb6 22. Bxb7) 20... Bxe5 (20... Bxd5 {is more complex.} 21. Rxd5 Rc7 22. Rad1 Qe7 23. Qe3 Rc5) 21. fxe5 Bxd5 $1 22. Rxd5 Qc7 23. Rad1 $40 {[%mdl 128] White mounts an attack.} Qb8 (23... g6 $11 {remains equal.}) 24. R5d4 $16 h6 25. Bd5 Nc7 {[#]} 26. Bb3 $1 {Strongly threatening Rd7.} Rcd8 (26... Ne6 $142 27. Bxe6 fxe6) 27. Rd7 {And now Bxf7+! would win.} Rxd7 (27... Ne6 $16 {is a better defense.}) 28. Rxd7 $18 ({Worse is} 28. Qxd7 Na6 $14) 28... Na6 29. Qf5 Qe8 $2 {Accuracy: White = 53%, Black = 17%.} (29... Nc5) 1-0

[Event "XVIII Orsha IM 2020"]
[Site "Orsha"]
[Date "2020.01.22"]
[Round "7.3"]
[White "Tsaruk, Maksim"]
[Black "Novitzkij, Dmitrij"]
[Result "1/2-1/2"]
[WhiteElo "2316"]
[BlackElo "2329"]
[Annotator "TA"]
[PlyCount "101"]
[EventDate "2020.01.18"]
[EventType "tourn"]
[EventCountry "BLR"]
[SourceTitle "playchess.com"]
[Source "ChessBase"]
[SourceQuality "1"]

{[%evp 9,101,34,33,25,25,29,38,35,39,32,30,56,48,37,35,15,12,10,34,18,40,39,71,31,46,67,57,0,4,11,29,35,72,-121,-3,-56,-69,-61,14,13,18,32,19,24,18,32,28,27,72,64,67,68,69,63,85,80,87,95,112,94,147,131,149,150,151,114,114,114,114,114,114,114,114,114,116,116,202,66,66,8,8,8,8,8,8,0,0,0,0,0,0,0,0,0]} 1. e4 e5 2. Nf3 Nc6 3. Bb5 g6 4. c3 Bg7 5. d4 exd4 6. cxd4 {C60: Ruy Lopez: Unusual Black 3rd moves and 3...g6} a6 7. Ba4 b5 8. Bc2 {White is slightly better.} d6 9. d5 Nce7 (9... Ne5 10. Nxe5 dxe5 11. a4 b4 12. O-O Nf6 13. Be3 {1-0 (106) Morozevich,A (2712)-Motylev,A (2629) Tallinn 2019}) 10. O-O Nf6 11. Nc3 O-O 12. Be3 $146 ({Predecessor:} 12. Bg5 h6 13. Be3 {1-0 (46) Munguntuul,B (2421)-Prithu,G (2493) Douglas 2019}) 12... Bb7 13. Qd2 Re8 14. Rad1 Qd7 15. Rfe1 Rad8 16. b4 c6 17. dxc6 Nxc6 18. Bb6 (18. Bb3 $14) 18... Rc8 $11 19. Bb3 Nxb4 20. Ng5 Re7 21. Nb1 $2 {[#]} (21. Bd4 $16 {stays on course.}) 21... Nc6 (21... Nc2 $1 $17 {[%cal Rc2e1][%mdl 512]} 22. Nxf7 (22. Bxc2 Qc6 $17 {[%mdl 64] Double Attack}) 22... Rxf7 23. Bxc2 Qc6 {[%mdl 64] Double Attack}) 22. Qxd6 ({Better is} 22. f4 $11) 22... Qxd6 $15 23. Rxd6 Ne5 (23... Nd7 $15 24. Be3 Nce5) 24. Bd8 $1 $36 {[%cal Rd8e7][%mdl 2048] White has the initiative.} Rd7 25. Bxf6 Rxd6 26. Bxe5 $1 Rd7 27. Bxg7 Kxg7 28. f3 h6 29. Nxf7 $1 Rxf7 30. Bxf7 Kxf7 $16 {[%mdl 4096] Endgame KRB-KRN} 31. Kf2 Ke6 32. Ke3 b4 33. Re2 a5 34. Rb2 $1 Rc1 {[#]} (34... Ba6 $142) 35. a3 $1 bxa3 36. Nxa3 Bc6 {White must now prevent ...Rc3+.} 37. Rc2 Rxc2 38. Nxc2 {KB-KN} Ke5 39. f4+ Kd6 40. Kd4 a4 41. g3 Bb5 42. e5+ Kc6 {[#]} (42... Ke6 $16 43. Kc5 Be8 44. Nd4+ Ke7) 43. Nb4+ (43. g4 $1 $18) 43... Kd7 $14 44. Kd5 (44. Kc5 $14 Be2 45. Nd5) 44... a3 $1 $11 {The position is equal.} 45. Kd4 {Threatens to win with Kc3.} Ke6 46. Kc3 {And now Kb3 would win.} Ba4 47. Na2 g5 48. Kb4 gxf4 49. gxf4 Bd7 50. Kxa3 Kf5 51. Nb4 {Accuracy: White = 58%, Black = 53%.} 1/2-1/2

[Event "XVIII Orsha IM 2020"]
[Site "Orsha"]
[Date "2020.01.22"]
[Round "7.4"]
[White "Markelova, Lubov"]
[Black "Shkalov, Oleg"]
[Result "0-1"]
[WhiteElo "2200"]
[BlackElo "2151"]
[Annotator "TA"]
[PlyCount "64"]
[EventDate "2020.01.18"]
[EventType "tourn"]
[EventCountry "BLR"]
[SourceTitle "playchess.com"]
[Source "ChessBase"]
[SourceQuality "1"]

{[%evp 9,76,45,31,41,28,6,-6,-16,0,-13,-16,-22,-10,-20,-16,-17,-6,-24,-10,-18,-12,-26,-20,-85,-35,-71,-61,-46,-54,-82,-66,-72,-58,-75,-66,-310,-306,-311,-301,-284,-208,-216,-208,-207,-205,-214,-216,-777,-775,-791,-780,-720,-785,-769,-761,-920,-920,-920,-908,-855,-870,-876,-845,-760,-656,-925,-901,-927,-913]} 1. Nf3 b5 2. e4 Bb7 3. d3 (3. Bxb5 Bxe4 4. c4 Nf6 5. Nc3 Bb7 6. O-O e6 7. d4 Be7 8. Re1 O-O 9. a3 Bxf3 10. Qxf3 c6 {0-1 (66) Ehlvest,J (2524)-Andreikin,D (2743) Almaty 2016}) 3... c5 4. g3 g6 5. Bg2 Bg7 6. O-O {A04: Unusual lines after 1 Nf3 and King's Indian Attack} d6 7. c3 Nf6 8. h3 {The position is equal.} Nbd7 $146 {[%cal Bb8d7,Bd7b6,Bb6a4][%mdl 32]} ({Predecessor:} 8... O-O 9. Be3 Nc6 10. Nbd2 {0-1 (32) Brosa Soto,J (1977)-Echarte Buil,O (2131) Zaragoza 2015}) 9. Be3 O-O 10. Nbd2 Nb6 11. Nh2 e6 12. f4 Nfd7 13. Qe2 Na4 14. Rab1 a5 15. Ndf3 c4 16. Nd4 (16. dxc4 $11 bxc4 17. Nd2) 16... Ndc5 17. dxc4 bxc4 18. Qc2 e5 19. fxe5 dxe5 20. Nb5 {b3 is the strong threat.} Ba6 $36 {[%mdl 2048] Black has the initiative.} 21. Rfd1 Qe7 22. Nd4 $2 (22. Na3 $1 $15) 22... exd4 $19 23. cxd4 {[#]} Nxe4 $1 {[%mdl 512]} 24. Re1 (24. Qxe4 Qxe4) 24... Rae8 25. Qxa4 Nxg3 {Hoping for ...Qa7.} 26. Qxa5 Qd6 27. Nf3 Bb7 28. Qd2 $2 (28. d5) 28... Bxf3 {Black is clearly winning.} 29. Bxf3 {[#]} Rxe3 $1 {[%mdl 512]} 30. Rxe3 (30. Qxe3 Bxd4) 30... Bxd4 31. Rd1 Nf5 {[%mdl 64] Pin} 32. Kf1 {[#]} Qf4 {Played: Qd6-g3} 0-1

[Event "XVIII Orsha IM 2020"]
[Site "Orsha"]
[Date "2020.01.22"]
[Round "7.5"]
[White "Runets, Ivan"]
[Black "Alekseev, Vadim"]
[Result "1/2-1/2"]
[WhiteElo "2304"]
[BlackElo "2354"]
[Annotator "ChessBase"]
[PlyCount "84"]
[EventDate "2020.01.18"]
[EventType "tourn"]
[EventCountry "BLR"]
[SourceTitle "playchess.com"]
[Source "ChessBase"]
[SourceQuality "1"]
[TimeControl "5400+30"]

1. d4 {[%emt 0:01:07]} c5 {[%emt 0:00:00]} 2. d5 {[%emt 0:00:12]} e5 {[%emt 0:00:00]} 3. e4 {[%emt 0:03:52]} d6 {[%emt 0:00:17]} 4. Nc3 {[%emt 0:00:45]} Be7 {[%emt 0:00:08]} 5. Nf3 {[%emt 0:03:35]} a6 {[%emt 0:00:58]} 6. a4 {[%emt 0:02:24]} Bg4 {[%emt 0:00:35]} 7. Bd3 {[%emt 0:03:47]} Nd7 {[%emt 0:05:40]} 8. h3 {[%emt 0:02:57]} Bxf3 {[%emt 0:00:06]} 9. Qxf3 {[%emt 0:00:05]} Bg5 {[%emt 0:06:06]} 10. O-O {[%emt 0:04:20]} Bxc1 {[%emt 0:00:46]} 11. Raxc1 {[%emt 0:00:45]} Nh6 {[%emt 0:02:17]} 12. Rb1 {[%emt 0:08:10]} O-O {[%emt 0:00:53]} 13. Nd1 {[%emt 0:02:51]} Rb8 {[%emt 0:02:12]} 14. Ne3 {[%emt 0:00:56]} b5 {[%emt 0:02:57]} 15. axb5 {[%emt 0:00:03]} axb5 {[%emt 0:00:04]} 16. b3 {[%emt 0:00:08]} g6 {[%emt 0:04:26]} 17. Ra1 {[%emt 0:04:36]} c4 {[%emt 0:16:06]} 18. bxc4 {[%emt 0:04:56]} b4 {[%emt 0:00:19]} 19. Qg3 {[%emt 0:04:51]} Nc5 {[%emt 0:16:10]} 20. Rad1 {[%emt 0:04:23]} f6 {[%emt 0:02:55]} 21. Kh2 {[%emt 0:02:22]} Kh8 {[%emt 0:03:00]} 22. f4 {[%emt 0:07:32]} Nf7 {[%emt 0:02:55]} 23. Qh4 {[%emt 0:00:58]} exf4 {[%emt 0:01:36]} 24. Qxf4 {[%emt 0:00:03]} Ne5 {[%emt 0:00:07]} 25. Be2 {[%emt 0:01:02]} Qe7 {[%emt 0:00:46]} 26. Bf3 {[%emt 0:07:31]} Qg7 {[%emt 0:04:26]} 27. Rb1 {[%emt 0:01:31]} Rb7 {[%emt 0:01:15]} 28. g4 {[%emt 0:08:05]} Nxf3+ {[%emt 0:05:55]} 29. Rxf3 {[%emt 0:00:27]} Qe7 {[%emt 0:00:38]} 30. Ng2 {[%emt 0:01:08]} g5 {[%emt 0:05:11]} 31. Qf5 {[%emt 0:00:55]} Qxe4 {[%emt 0:00:27]} 32. Qxe4 {[%emt 0:02:44]} Nxe4 {[%emt 0:00:06]} 33. Rd1 {[%emt 0:01:04]} Re8 {[%emt 0:06:04]} 34. Ne3 {[%emt 0:01:35]} b3 {[%emt 0:00:22]} 35. cxb3 {[%emt 0:03:43]} Rxb3 {[%emt 0:00:02]} 36. Kg2 {[%emt 0:00:08]} Rb2+ {[%emt 0:02:09]} 37. Kg1 {[%emt 0:00:02]} Rb3 {[%emt 0:00:46]} 38. Kg2 {[%emt 0:01:45]} Rb2+ {[%emt 0:00:59]} 39. Kg1 {[%emt 0:00:01]} Rb3 {[%emt 0:00:52]} 40. Kg2 {[%emt 0:01:54]} Rb2+ {[%emt 0:09:29]} 41. Kg1 {[%emt 0:11:17]} Ra8 {[%emt 0:00:30]} 42. Rd4 {[%emt 0:00:30]} Ra5 {[%emt 0:00:30]} 1/2-1/2

[Event "XVIII Orsha IM 2020"]
[Site "Orsha"]
[Date "2020.01.23"]
[Round "8.2"]
[White "Shkalov, Oleg"]
[Black "Runets, Ivan"]
[Result "0-1"]
[WhiteElo "2151"]
[BlackElo "2304"]
[Annotator "TA"]
[PlyCount "60"]
[EventDate "2020.01.18"]
[EventType "tourn"]
[EventCountry "BLR"]
[SourceTitle "playchess.com"]
[Source "ChessBase"]
[SourceQuality "1"]

{[%evp 9,118,7,28,14,18,7,15,8,10,16,9,-19,-14,-49,-41,-70,-59,-90,-105,-141,-76,-87,-89,-300,-311,-291,-293,-311,-297,-421,-420,-405,-395,-760,-736,-711,-703,-622,-383,-388,-380,-378,-378,-355,-348,-651,-442,-483,-495,-550,-547,-578,-527,-858,-805,-764,-458,-467,-475,-568,-529,-521,-482,-682,-680,-632,-529,-663,-586,-649,-430,-419,-411,-439,-302,-302,-300,-300,-300,-305,-300,-296,-210,-216,-202,-198,-216,-233,-205,-209,-203,-241,-243,-243,-243,-243,-230,-557,-542,-545,-514,-4706,-2253,-29980,-29981,-29979,-29971,-29984,-29986,-29998,-29999]} 1. e4 c5 2. Nc3 Nc6 3. Bb5 Nd4 4. Bd3 e6 5. Nf3 Ne7 (5... Nc6 6. Bb5 Nge7 7. Bxc6 Nxc6 8. d4 cxd4 9. Nxd4 a6 10. O-O d6 11. Nxc6 bxc6 12. Qd4 e5 13. Qc4 Qc7 14. f4 Be6 15. Qd3 exf4 16. Bxf4 Be7 17. Kh1 O-O 18. Qg3 Kh8 {0-1 (70) Puranik,A (2580)-Tabatabaei,M (2635) Sitges 2019}) 6. Nxd4 {B30: Sicilian: 2...Nc6 3 Bb5, lines without ...g6} cxd4 7. Ne2 Nc6 8. c3 {The position is equal.} Bc5 9. O-O O-O 10. Bc2 $146 ({Predecessor:} 10. Qc2 dxc3 11. dxc3 e5 12. b4 Bb6 13. Kh1 {1-0 (38) Manu David,S (2403)-Koch,Y (2109) Tegernsee 2019}) 10... a5 11. Nf4 b6 12. a4 Ba6 13. d3 f5 14. Qe2 fxe4 (14... Qc7 $142 {And now ...fxe4 would win.} 15. Bd2 fxe4 16. Qxe4 Bb7) 15. Qxe4 $17 Bb7 {...Qc7 is the strong threat.} 16. cxd4 $2 (16. Ne2 $17 {was worth a try.}) 16... Nxd4 $19 17. Qxb7 Nxc2 18. Rb1 {[#]} Nd4 $1 19. Qe4 (19. Be3 $142 Rxf4 {[%mdl 64] Remove Defender, Decoy} 20. Bxf4 Ne2+ {[%mdl 64] Double Attack} 21. Kh1 Nxf4 22. Qe4) 19... d5 20. Qe1 Qh4 21. Nh3 $2 {[#]} (21. Kh1 Rxf4 22. Bxf4 (22. g3 $2 Qh3 $19) 22... Qxf4 23. Qe3) 21... Nf3+ $1 {[%mdl 576] Discovered Attack, Deflection} 22. gxf3 Qxh3 23. Qe5 Rf6 24. Bf4 Qxf3 {[%mdl 64] Double Attack} 25. Bg3 Qxd3 26. Rbe1 Raf8 27. Qc7 $2 (27. Qe2 Qb3 28. Qb5) 27... Qc2 {[%cal Rf6f2]} 28. Kh1 Qxa4 29. Rg1 {If White can now play Be5! this consolidates a bit.} Qg4 30. Rg2 {Threatens to win with Bh4!} Rg6 {Played: Qg4-f3} 0-1

[Event "XVIII Orsha IM 2020"]
[Site "Orsha"]
[Date "2020.01.23"]
[Round "8.3"]
[White "Novitzkij, Dmitrij"]
[Black "Markelova, Lubov"]
[Result "1-0"]
[WhiteElo "2329"]
[BlackElo "2200"]
[Annotator "TA"]
[PlyCount "57"]
[EventDate "2020.01.18"]
[EventType "tourn"]
[EventCountry "BLR"]
[SourceTitle "playchess.com"]
[Source "ChessBase"]
[SourceQuality "1"]

{[%evp 19,57,0,0,-79,-35,-87,14,8,0,0,0,0,54,22,33,-69,-39,-28,81,0,0,12,13,0,18,4,152,167,156,141,136,156,414,413,866,848,968,997,1242,1206]} 1. e4 e6 2. d4 d5 3. e5 c5 4. c3 Qb6 5. Nf3 Nc6 6. a3 Nh6 7. b4 cxd4 8. cxd4 Nf5 9. Bb2 Bd7 10. g4 Nfe7 11. Nbd2 {C02: French: Advance Variation} (11. Nc3 $11 {remains equal.}) (11. Nc3 Na5 12. Nd2 Rc8 13. Na4 Qc6 14. b5 Qc7 15. Rc1 Qd8 16. Nc5 Ng6 17. Nxd7 Qxd7 18. h4 Be7 19. h5 {½-½ (41) Areshchenko,A (2709)-Romanov,E (2640) Legnica 2013}) 11... Ng6 12. Nb3 (12. Rc1 $15) 12... Be7 ({Black should play} 12... a5 $17 13. b5 a4) 13. Qd2 $11 {The position is equal.} O-O $146 ({Predecessor:} 13... a6 14. Bd3 Nh4 15. Nxh4 Bxh4 16. Nc5 Be7 17. Rb1 Rd8 18. O-O a5 {1-0 (30) Volcko,R (2036)-Dzugas,V (2027) Slovakia 2017}) 14. Nc5 Rad8 15. h4 {Hoping for h5.} f6 (15... Bxc5 $1 $11 16. bxc5 Qb3) 16. exf6 Rxf6 17. Ng5 (17. h5 $1 $14 Nf4 18. O-O-O) 17... Bd6 18. Bd3 {And now Nxh7! would win.} Bf4 (18... Nf8 $11) 19. Qc2 (19. Qe2 $16 Nf8 20. O-O) 19... e5 $1 {[#]} 20. Nxh7 $1 {[%mdl 512]} Kxh7 21. Bxg6+ Kh8 ({Avoid the trap} 21... Rxg6 $2 22. h5 $18) 22. g5 Nxd4 (22... Nxb4 $1 $11 {keeps the balance.} 23. axb4 Rxg6) 23. Bxd4 $16 Rxg6 24. Nxd7 {[%mdl 64] [#] Discovered Attack} Qxd4 25. Rd1 $36 {[%mdl 2048] White is really pushing.} Rc6 $2 (25... Qe4+ $16 {keeps fighting.} 26. Qxe4 dxe4) 26. Nc5 $18 Qxd1+ (26... Bd2+ $142 27. Qxd2 Qg4) 27. Qxd1 {White is clearly winning.} b6 28. Nd3 Rdc8 29. O-O {Accuracy: White = 41%, Black = 23%.} 1-0

[Event "XVIII Orsha IM 2020"]
[Site "Orsha"]
[Date "2020.01.23"]
[Round "8.4"]
[White "Kononenko, Dmitry"]
[Black "Tsaruk, Maksim"]
[Result "1/2-1/2"]
[WhiteElo "2321"]
[BlackElo "2316"]
[Annotator "TA"]
[PlyCount "74"]
[EventDate "2020.01.18"]
[EventType "tourn"]
[EventCountry "BLR"]
[SourceTitle "playchess.com"]
[Source "ChessBase"]
[SourceQuality "1"]

{[%evp 11,74,18,15,8,13,-6,9,0,10,-10,0,0,0,0,25,18,11,0,0,0,10,0,5,-3,-8,-17,-16,-38,-52,-59,43,-13,-20,-83,-53,-79,0,-53,-45,-94,-63,-63,-66,-73,24,28,81,81,81,81,78,83,70,70,70,54,83,68,58,24,77,0,90,0,92]} 1. e4 e5 2. Nf3 Nc6 3. d4 exd4 4. Nxd4 Bc5 5. Nxc6 Qf6 6. Qf3 bxc6 7. Nd2 {C45: Scotch Game} (7. Qg3 Ne7 8. Nc3 O-O 9. Bd3 Ng6 10. O-O Qe5 11. Qxe5 Nxe5 12. Be2 Re8 13. Bd2 d6 14. h3 f5 {½-½ (49) Ponkratov,P (2619)-Bartel,M (2636) Budva 2019}) 7... d6 8. Nb3 (8. Bd3 {feels hotter.} Qxf3 9. Nxf3 Ne7 10. O-O Ng6 11. h3) 8... Qxf3 9. gxf3 Bb6 10. c4 c5 11. Rg1 g6 12. Bd2 f6 13. Bc3 a5 $146 ({Predecessor:} 13... Kf7 14. O-O-O Ne7 {1-0 (52) Naiditsch,Y (2306)-Cox,J (2368) Douglas 2014}) 14. a4 Kf7 15. f4 Ne7 16. Bg2 Be6 17. Nd2 Rad8 18. O-O-O Nc6 19. f5 Bd7 20. Nf3 Rhe8 (20... Nd4 $15 21. Nxd4 cxd4 22. Bxd4 Bxa4) 21. fxg6+ (21. e5 $1 $14 fxe5 22. Ng5+ {[%mdl 64] Double Attack} Kg7 23. Ne6+ $1 {[%mdl 512]} Bxe6 24. Bxc6) 21... hxg6 $11 22. b3 (22. e5 $1 $11) 22... Nb4 23. Rd2 Nc6 ({Black should play} 23... Rh8 $17) 24. Bh1 (24. Rdd1 $11) 24... Rh8 25. Kb2 Rh5 26. Rg3 Re8 27. Bg2 Kg7 ({Better is} 27... Bc8 $17) 28. e5 fxe5 {[#]} (28... Nd4 $11) 29. Nxe5 $1 $16 {[%mdl 512]} Nxe5 30. f4 {[%mdl 64] Pin} Bf5 31. fxe5 dxe5 32. Re3 Kf6 33. Bf3 {[%mdl 1024] White has compensation.} Rh4 34. Rde2 {[%cal Rc3e5]} Rd4 $1 35. Bd5 Re7 {[#]} (35... c6 $11 36. Bxc6 Rc8) 36. Re1 ({Inferior is} 36. Bxd4 cxd4 37. Rf3 d3 $15) (36. h4 $1 $16) 36... Re8 (36... c6 $11 {remains equal.} 37. Bxc6 Bc7) 37. R1e2 Re7 {Accuracy: White = 47%, Black = 40%.} 1/2-1/2

[Event "XVIII Orsha IM 2020"]
[Site "Orsha"]
[Date "2020.01.23"]
[Round "8.5"]
[White "Makoveev, Ilya"]
[Black "Goltseva, Ekaterina"]
[Result "1-0"]
[WhiteElo "2277"]
[BlackElo "2304"]
[Annotator "TA"]
[PlyCount "73"]
[EventDate "2020.01.18"]
[EventType "tourn"]
[EventCountry "BLR"]
[SourceTitle "playchess.com"]
[Source "ChessBase"]
[SourceQuality "1"]

{[%evp 25,73,46,50,56,56,62,42,36,40,25,78,72,74,74,84,85,77,77,91,87,195,176,196,189,181,173,180,176,280,270,292,128,124,100,131,52,55,65,269,260,878,872,1251,1211,1152,1030,29989,29990,29990,29991]} 1. e4 e5 2. Nf3 Nc6 3. Bb5 a6 4. Ba4 Nf6 5. O-O Be7 6. Re1 b5 7. Bb3 d6 8. c3 O-O 9. h3 Nd7 10. d4 Bf6 11. a4 Rb8 12. axb5 axb5 13. d5 Ne7 14. Na3 {[#] C92: Closed Ruy Lopez: 9...Be6, Karpov and Flohr-Zaitsev Variations} Nb6 $146 ({Predecessor:} 14... g6 15. Nc2 Bg7 16. Nb4 Nc5 17. Be3 Nxb3 18. Qxb3 Bd7 19. Ra7 h6 20. c4 c5 21. dxc6 Nxc6 22. Nxc6 Bxc6 {½-½ (42) Mista,A (2588)-Piorun,K (2665) Czech Republic 2016}) 15. Qe2 Bd7 16. Bc2 {White is slightly better.} Na4 17. Bd3 {[%cal Rd3b5]} Nc5 (17... b4 $11) 18. Bxb5 $16 Bxb5 19. Nxb5 Nxe4 20. c4 Nc5 21. Be3 e4 22. Nd2 Nd3 (22... Bxb2 $16 23. Rab1 Nd3) 23. Nxe4 $18 Nxe1 24. Nxf6+ gxf6 25. Rxe1 Ng6 26. Nd4 {[%mdl 1024] White has strong compensation.} Ra8 (26... Qd7 {is a better defense.} 27. Qf3 f5) 27. Qf3 {Black must now prevent Nc6.} Kh8 {[#]} 28. Bh6 (28. Qf5 $1 $18 {and the rest is easy. Threatens to win with Nc6.} Ra6 29. Nc6 Rxc6 30. Bd4 (30. dxc6 Re8 $18)) 28... Ne5 $16 29. Qf5 $36 {[%mdl 2048] And now Rxe5 would win. Black is under strong pressure.} Rg8 {[#]} 30. f4 (30. Nc6 $1 $16 {[%cal Rc6d8]} Nxc6 31. dxc6) 30... Rg6 $1 $14 {[%cal Rg6h6]} 31. fxe5 Rxh6 $2 (31... fxe5 $14 32. Nc6 (32. Qxf7 Rxh6 33. Ne6 Qg8 $11) 32... Qh4) 32. e6 $18 Qe8 $2 (32... fxe6 33. dxe6 (33. Nxe6 Qb8 $11) (33. Qxe6 Rg6 $11) 33... Qg8) 33. e7 Rb8 34. Nb5 Rb7 {[#]} 35. h4 $1 {[%mdl 512]} c6 (35... Rxh4 36. Qxf6+) 36. Nxd6 {[%mdl 64] Double Attack} Rxe7 37. Rxe7 {Accuracy: White = 63%, Black = 40%.} 1-0

[Event "XVIII Orsha IM 2020"]
[Site "Orsha"]
[Date "2020.01.24"]
[Round "9.1"]
[White "Goltseva, Ekaterina"]
[Black "Gogolev, Artem"]
[Result "*"]
[WhiteElo "2304"]
[BlackElo "2328"]
[Annotator "TA"]
[PlyCount "54"]
[EventDate "2020.01.18"]
[EventType "tourn"]
[EventCountry "BLR"]
[SourceTitle "playchess.com"]
[Source "ChessBase"]
[SourceQuality "1"]

{[%evp 14,54,18,2,18,18,18,18,24,16,16,16,28,31,38,21,39,8,38,35,31,0,17,0,10,15,34,28,32,28,30,-4,24,0,52,52,51,18,48,8,10,12,14]} 1. d4 Nf6 2. c4 e6 3. g3 d5 4. Nf3 dxc4 5. Bg2 Bd7 6. Ne5 Bc6 7. Nxc6 Nxc6 8. O-O Qd7 {E04: Open Catalan: 5 Nf3} 9. e3 Rd8 10. Qe2 e5 11. Qxc4 exd4 12. Rd1 Bd6 13. exd4 O-O 14. Nc3 h6 {[#]} 15. b3 $146 ({Predecessor:} 15. Qb5 Rb8 16. d5 {½-½ (39) Sargissian,G (2689)-Khusnutdinov,R (2470) St Petersburg 2018}) 15... a6 16. Bb2 Rfe8 17. Rac1 h5 18. Na4 {[%cal Rg2c6]} h4 19. d5 Ne5 20. Qxh4 Qf5 $1 21. Bxe5 Rxe5 22. Nc3 Rde8 {[#] Hoping for ...Ng4.} (22... Ba3 {is more complex.} 23. Rb1 Bc5 24. Rf1 b5 25. Rbc1 Bb6) 23. Qd4 (23. Rf1 {is interesting.} Ba3 24. Rcd1 Qc2 25. Qc4 Bd6 26. Rc1) 23... b6 (23... Ba3 $11 24. Rb1 Qc2) 24. b4 $14 R5e7 25. h3 Be5 26. Qd3 Qxd3 27. Rxd3 Bd6 {Accuracy: White = 55%, Black = 38%.} *

[Event "XVIII Orsha IM 2020"]
[Site "Orsha"]
[Date "2020.01.24"]
[Round "9.2"]
[White "Tsaruk, Maksim"]
[Black "Makoveev, Ilya"]
[Result "0-1"]
[WhiteElo "2316"]
[BlackElo "2277"]
[Annotator "TA"]
[PlyCount "30"]
[EventDate "2020.01.18"]
[EventType "tourn"]
[EventCountry "BLR"]
[SourceTitle "playchess.com"]
[Source "ChessBase"]
[SourceQuality "1"]

{[%evp 9,64,18,35,17,23,17,22,24,27,35,27,24,31,21,16,19,26,56,26,35,31,58,110,93,90,-321,-312,-349,-333,-348,-338,-322,-329,-1076,-1103,-1918,-714,-1838,-1817,-12835,-12807,-6016,-3568,-29990,-29991,-29991,-29992,-29992,-29991,-29991,-29992,-29992,-29993,-29997,-29998,-29998,-29999]} 1. d4 Nf6 2. c4 e6 3. g3 c5 4. d5 exd5 5. cxd5 b5 {[%cal Bb7b5,Bb5b4][%mdl 32]} 6. e4 {A60: Modern Benoni: Early Divergences} (6. Nf3 Bb7 7. e4 Nxe4 8. Bg2 Be7 9. O-O O-O 10. Re1 Nd6 11. Bf4 Na6 12. Nc3 Nc7 13. Qe2 Re8 {0-1 (72) Hansen,S (2573)-McShane,L (2682) Batumi 2019}) 6... Nxe4 7. Qe2 {Threatens to win with Nd2.} Qe7 8. Bg2 $1 {Hoping for d6.The position is equal.} Nd6 9. Be3 Na6 10. Nc3 b4 11. Na4 g6 12. O-O-O Bg7 13. Nxc5 O-O 14. Nxa6 Bxa6 15. Qxa6 {Black must now prevent Qd3.} Rfc8+ {Played: Nd6-c4} 0-1